Statistics for Geography General Knowledge - 2

Click here to take the quiz!

General Stats

  • This quiz has been taken 53 times
  • The average score is 8 of 11

Answer Stats

HintAnswer% Correct
With the US first and China 2nd, what country has the 3rd greatest GDP?Japan
94%
What is the capital of Croatia?Zagreb
94%
Country with longest coast line?Canada
90%
What major city is the only one to be in two continents?Istanbul
86%
How many time zones does Russia span?11
84%
What American city is nicknamed the windy city?Chicago
84%
Most populated city in the world?Tokyo
78%
What is the most southern capital city?Wellington
76%
With Gotland and Oland being the 2 largest, what country has the most islands, with an acclaimed 220,000?Sweden
69%
Oldest continuously habited city?Damascus
47%
What island, with the flag of rising sun, is one of the first to enter the new year?Kiribati
39%

Score Distribution

Percentile by Number Answered

Percent of People with Each Score

Your Score History

You have not taken this quiz